| 000 | 00586nam a2200169 a 4500 | ||
|---|---|---|---|
| 001 | ASIN0026358832 | ||
| 005 | 20140910215907.0 | ||
| 008 | 140910s1996 xxu eng d | ||
| 020 | _a0026358832 (paperback) | ||
| 020 | _a9780026358835 (paperback) | ||
| 100 | 1 | _aStrong, William. | |
| 245 | 1 | 0 |
_aWriter's choice grammar and composition / _cWilliam Strong. |
| 250 | _aTeacher's Wraparound Edition. | ||
| 260 |
_a[S.l.] : _bGlencoe McGraw-Hill, _c1996. |
||
| 300 |
_a1 v. (unpaged) ; _c29 cm. |
||
| 856 | 4 | 0 |
_3Amazon.com _uhttp://www.amazon.com/exec/obidos/ASIN/0026358832/chopaconline-20 |
| 999 |
_c9782 _d9782 |
||